| 000 | 00559nam a2200181Ia 4500 | ||
|---|---|---|---|
| 003 | LK-CoDNM | ||
| 005 | 20240312134330.0 | ||
| 008 | 010623t1933 xxu||||| |||| 00| 1 sin d | ||
| 040 |
_aLK-CoDNM _dLK-CoDNM _eLK-CoDNM |
||
| 041 | _asin | ||
| 080 | _a104 CC12 | ||
| 100 | _aAmarasuriya,L.B.P | ||
| 245 | _aබ්රිතාන්ය අධිරාජ්යයයේ ඉතිහාසය | ||
| 246 | _aHistory of the British Empire | ||
| 260 |
_bChristian Literature Siciety _aColombo _c1933 |
||
| 300 |
_bDamaged _aXVIII,244p.,20 cm |
||
| 942 | _cBK | ||
| 999 |
_c96819 _d96819 |
||